Código Civil y Comercial de la Nación: Suplemento Especial : Aspectos Civiles y de Familia

Guardado en:
Formato: Seriadas
Idioma:Spanish
Publicado: Ciudad autonoma de Buenos Aires : Erreius, 2015
Materias:
Etiquetas: Agregar Etiqueta
Sin Etiquetas, Sea el primero en etiquetar este registro!
LEADER 00429nas a22001215a 4500
001 DER.der012896
008 180615s2015####|||||#|||||||||###||spa||
005 20260609114140.0
245 1 0 |a Código Civil y Comercial de la Nación: Suplemento Especial :  |b Aspectos Civiles y de Familia 
260 |a Ciudad autonoma de Buenos Aires :  |b Erreius,  |c 2015 
300 |a 91 p. 
653 |a CODIGO CIVIL Y COMERCIAL ARGENTINO 
859 |a DERECHO  |b BIB. DERECHO  |p 007705